000 00547pam a2200205 i 4500
001 848017
005 20180306082746.0
008 780602s1978 nyua d 001 0 eng
010 _a 78018425
020 _a0070452652
040 _aDLC
_cDLC
_dDLC
041 _aeng
080 _a550/.3 hil
082 0 0 _a550/.3 hil
100 _a41
101 _ageo
245 0 0 _aMcGraw-Hill encyclopedia of the geological sciences /
_cDaniel N. Lapedes, editor in chief.
906 _a7
_bcbc
_corignew
_d1
_eocip
_f19
_gy-gencatlg
942 _2ddc
_cBK
999 _c44207
_d44207